00525nam a2200193 a 4500001001300000003000900013005001700022008004100039020002200080082001500102100001600117245004600133260002500179300000900204500003500213505004500248650002200293700001600315nice12345678IN_TiNIC20260116013259.0050524s2000 dela grp 000 0 eng  a817214X c6000a269.2bPHI aPhilip, T V aReflections on Christian Mission in Asia. aDelhi bISPCK c2000 a101p aincludes index and biblioraphy2 aWilliam carey lectures and other essays. aEvangelistic Work1 aPhilip, T V